000
00254nam a22001217a 4500
041
_a
ENG
100
_a
Taylor.A.J
245
_a
Food Flavour Technology
260
_a
Delhi
_b
CRC Press
_c
2002
300
_a
302
650
_a
APE
856
_u
APE ( 02 )
999
_c
1645
_d
1645